<?xml version="1.0" encoding="UTF-8"?>
<record
    xmlns:xsi="http://www.w3.org/2001/XMLSchema-instance"
    xsi:schemaLocation="http://www.loc.gov/MARC21/slim http://www.loc.gov/standards/marcxml/schema/MARC21slim.xsd"
    xmlns="http://www.loc.gov/MARC21/slim">

  <leader>00702cam a22002171a 4500</leader>
  <controlfield tag="001">ne 68002524 </controlfield>
  <controlfield tag="003">DLC</controlfield>
  <controlfield tag="005">20260227111844.0</controlfield>
  <controlfield tag="008">850906s1967    ua            000 0 ara  </controlfield>
  <datafield tag="010" ind1=" " ind2=" ">
    <subfield code="a">ne 68002524 </subfield>
  </datafield>
  <datafield tag="035" ind1=" " ind2=" ">
    <subfield code="a">(OCoLC)12498902</subfield>
  </datafield>
  <datafield tag="040" ind1=" " ind2=" ">
    <subfield code="a">DLC</subfield>
    <subfield code="c">OU</subfield>
    <subfield code="d">OU</subfield>
    <subfield code="d">DLC</subfield>
  </datafield>
  <datafield tag="042" ind1=" " ind2=" ">
    <subfield code="a">premarc</subfield>
  </datafield>
  <datafield tag="050" ind1="0" ind2="0">
    <subfield code="a">PK6525</subfield>
    <subfield code="b">.T5</subfield>
  </datafield>
  <datafield tag="100" ind1="1" ind2=" ">
    <subfield code="a">&#x1E6C;ir&#x101;z&#x12B;, Na&#x1E63;r All&#x101;h Mubashshir.</subfield>
  </datafield>
  <datafield tag="245" ind1="1" ind2="0">
    <subfield code="a">Kashf al-lith&#x101;m &#x2BB;an Rub&#x101;&#x2BB;&#x12B;y&#x101;t al-Khayy&#x101;m /</subfield>
    <subfield code="c">ta&#x2BC;l&#x12B;f Ab&#x16B; al-Na&#x1E63;r Mubashshir al-&#x1E6C;ir&#x101;z&#x12B; al-&#x1E24;usayn&#x12B;.</subfield>
  </datafield>
  <datafield tag="260" ind1=" " ind2=" ">
    <subfield code="a">[Cairo :</subfield>
    <subfield code="b">D&#x101;r al-K&#x101;tib al-&#x2BB;Arab&#x12B;,</subfield>
    <subfield code="c">1967]</subfield>
  </datafield>
  <datafield tag="300" ind1=" " ind2=" ">
    <subfield code="a">270 p. ;</subfield>
    <subfield code="c">24 cm.</subfield>
  </datafield>
  <datafield tag="504" ind1=" " ind2=" ">
    <subfield code="a">Includes bibliographical references.</subfield>
  </datafield>
  <datafield tag="600" ind1="0" ind2="0">
    <subfield code="a">Omar Khayyam.</subfield>
    <subfield code="t">Rub&#x101;&#x2BB;&#x12B;y&#x101;t.</subfield>
  </datafield>
  <datafield tag="999" ind1=" " ind2=" ">
    <subfield code="c">50544</subfield>
    <subfield code="d">50544</subfield>
  </datafield>
</record>
